Statistics for Every Formula 1 Reserve Driver Called Up To Race Since 2000

Click here to take the quiz!

General Stats

  • This quiz has been taken 25 times
  • The average score is 40 of 72

Answer Stats

EventTeamReserve Driver% Correct
2023 Japanese Grand PrixAlphaTauriLiam Lawson
94%
2023 Singapore Grand PrixAlphaTauriLiam Lawson
94%
2023 Italian Grand PrixAlphaTauriLiam Lawson
94%
2023 Dutch Grand PrixAlphaTauriLiam Lawson
94%
2023 Qatar Grand PrixAlphaTauriLiam Lawson
94%
2022 Italian Grand PrixWilliamsNyck de Vries
94%
2024 Saudi Arabian Grand PrixFerarriOliver Bearman
94%
2020 Sakhir Grand PrixMercedesGeorge Russell
88%
2020 Abu Dhabi Grand PrixHaasPietro Fittipaldi
88%
2020 Sakhir Grand PrixHaasPietro Fittipaldi
88%
2020 Sakhir Grand PrixWilliamsJack Aitken
82%
2022 Bahrain Grand PrixAston MartinNico Hülkenberg
82%
2022 Saudi Arabian Grand PrixAston MartinNico Hülkenberg
82%
2020 Eifel Grand PrixRacing Point BWTNico Hülkenberg
82%
2020 70th Anniversary Grand PrixRacing Point BWTNico Hülkenberg
82%
2021 Dutch Grand PrixAlfa Romeo RacingRobert Kubica
82%
2021 Italian Grand PrixAlfa Romeo RacingRobert Kubica
82%
2017 Monaco Grand PrixMcLarenJenson Button
71%
2015 Australian Grand PrixMcLarenKevin Magnussen
71%
2016 Bahrain Grand PrixMcLarenStoffel Vandoorne
71%
2017 Chinese Grand PrixSauberAntonio Giovinazzi
65%
2017 Australian Grand PrixSauberAntonio Giovinazzi
65%
2017 United States Grand PrixTorro RossoDaniil Kvyat
65%
2005 Bahrain Grand PrixMcLaren-MercedesPedro de la Rosa
65%
2011 Canadian Grand PrixMcLarenPedro de la Rosa
65%
2009 Italian Grand PrixFerarriGiancarlo Fisichella
59%
2009 Singapore Grand PrixFerarriGiancarlo Fisichella
59%
2009 Japanese Grand PrixFerarriGiancarlo Fisichella
59%
2009 Abu Dhabi Grand PrixFerarriGiancarlo Fisichella
59%
2009 Brazilian Grand PrixFerarriGiancarlo Fisichella
59%
2013 United States Grand PrixLotusHeikki Kovalainen
59%
2013 Brazilian Grand PrixLotusHeikki Kovalainen
59%
2017 Hungarian Grand PrixWilliamsPaul di Resta
59%
2007 United States Grand PrixBMW SauberSebastian Vettel
59%
2012 Italian Grand PrixLotusJérôme d'Ambrosio
53%
2009 Abu Dhabi Grand PrixToyotaKamui Kobayashi
53%
2009 Brazilian Grand PrixToyotaKamui Kobayashi
53%
2009 European Grand PrixFerarriLuca Badoer
53%
2009 Belgian Grand PrixFerarriLuca Badoer
53%
2014 Belgian Grand PrixCaterhamAndré Lotterer
47%
2011 German Grand PrixTeam LotusKarun Chandhok
47%
2009 Japanese Grand PrixForce IndiaVitantonio Liuzzi
47%
2009 Singapore Grand PrixForce IndiaVitantonio Liuzzi
47%
2009 Italian Grand PrixForce IndiaVitantonio Liuzzi
47%
2009 Brazilian Grand PrixForce IndiaVitantonio Liuzzi
47%
2009 Abu Dhabi Grand PrixForce IndiaVitantonio Liuzzi
47%
2014 Abu Dhabi Grand PrixCaterhamWill Stevens
47%
2011 Indian Grand PrixHRTNarain Karthikeyan
41%
2005 San Marino Grand PrixMcLaren-MercedesAlexander Wurz
35%
2004 German Grand PrixWilliamsAntônio Pizzonia
35%
2004 Hungarian Grand PrixWilliamsAntônio Pizzonia
35%
2004 Belgian Grand PrixWilliamsAntônio Pizzonia
35%
2004 Italian Grand PrixWilliamsAntônio Pizzonia
35%
2005 Belgian Grand PrixWilliamsAntônio Pizzonia
35%
2005 Italian Grand PrixWilliamsAntônio Pizzonia
35%
2005 Brazilian Grand PrixWilliamsAntônio Pizzonia
35%
2005 Japanese Grand PrixWilliamsAntônio Pizzonia
35%
2005 Chinese Grand PrixWilliamsAntônio Pizzonia
35%
2004 French Grand PrixWilliamsMarc Gené
35%
2003 Italian Grand PrixWilliamsMarc Gené
35%
2004 British Grand PrixWilliamsMarc Gené
35%
2001 Canadian Grand PrixJordanRicardo Zonta
35%
2004 Canadian Grand PrixJordanTimo Glock
35%
2005 Malaysian Grand PrixBARAnthony Davidson
29%
2010 Singapore Grand PrixHispania RacingChristian Klien
29%
2002 United States Grand PrixSauberHeinz-Harald Frentzen
29%
2000 Austrian Grand PrixJaguarLuciano Burti
29%
2003 Italian Grand PrixJordanZsolt Baumgartner
29%
2003 Hungarian Grand PrixJordanZsolt Baumgartner
29%
2001 Japanese Grand PrixProstTomáš Enge
24%
2001 United States Grand PrixProstTomáš Enge
24%
2001 Italian Grand PrixProstTomáš Enge
24%

Score Distribution

Percentile by Number Answered

Percent of People with Each Score

Your Score History

You have not taken this quiz